000 00551cam a2200181 4500500
005 20260405002643.0
041 _afre
042 _adc
100 1 0 _aReinhardt, Éric
_eauthor
245 0 0 _aÉric Reinhardt : “Moi, homme féministe”
260 _c2018.
500 _a4
690 _aÉric Reinhardt
690 _aFemme
690 _aHomme
786 0 _nPhilosophie magazine | 116 | 2 | 2018-02-01 | p. 37-37 | 1951-1787
856 4 1 _uhttps://shs.cairn.info/magazine-philosophie-magazine-2018-2-page-37?lang=fr&redirect-ssocas=7080
999 _c2059729
_d2059729